Pays dont la capitale commence en P - Statistiques

Statistiques générales
  • Ce quiz a été pris 199 fois
  • Le résultat moyen est 7 sur 12
Answers on the Grid
Answers color-coded by a green-red scale on the quiz's grid according to % correct below.
France
Chine
Monténégro
Cambodge
Haïti
Corée du Nord
Cap vert
Maurice
Afrique du Sud
Kosovo
Panama
Vanuatu
Vénézuéla
Japon
Lesotho
Hongrie
Dogo
Suisse
Kiribati
 
Statistiques - réponses
Réponse % Correct
France
93%
Chine
82%
Corée du Nord
82%
Panama
82%
Afrique du Sud
63%
Cambodge
62%
Haïti
61%
Monténégro
61%
Kosovo
48%
Cap vert
46%
Maurice
36%
Vanuatu
32%
Aucun quiz correspondant
Distribution des résultats
% des personnes avec chaque résultat
Percentile par nombre de réponses
Votre historique - résultats
Vous n’avez pas pris ce quiz